| 000 | 01202nam a2200301Ia 4500 | ||
|---|---|---|---|
| 001 | 60297 | ||
| 003 | IT-RoPAU | ||
| 008 | 130308s9999 xx 000 0 und d | ||
| 040 | _aIT-RoPAU | ||
| 040 | _cIT-RoPAU | ||
| 041 | _aFRANCESE | ||
| 100 | _aPottier Bernard | ||
| 100 | _gCodice Aut. SPICS: 12924 | ||
| 245 | _aTheorie et analyse en linguistique | ||
| 245 | _bTheorie et Analyse En Linguistique | ||
| 250 | _a1a ed. | ||
| 260 | _aPARIS | ||
| 260 | _bHachette | ||
| 260 | _c1987 [1° Ed.:1987 - Ed.Ling.Originale:1987] | ||
| 300 | _a"224 p. (prefazione: no ; testo: 224)" | ||
| 500 | _aTeoria e Analisi in Linguistica Linguaggio e Lingue Componenti della Comunicazione Concetti Analitici Segno Linguistico concettuale e Linguistica Semantica Noemica Grammatica dell'enunciazione Categorie semantico Grammaticali Tempi e Aspetti Determinazione Modalità Meccanismi Fondamentali Fondamenti del livello concettuale Grammatica Fondamentale del Francese Sistema Casuale voce e Predicazione Modulo Casuale e Contesto Categorie e Loro Interrelazioni | ||
| 650 | _aLINGUISTICA | ||
| 650 | _eCodice materia Spics: 3201 | ||
| 942 | _cBK | ||
| 957 | _71 | ||
| 999 |
_c65696 _d65696 |
||
| 999 | _bSI | ||
| 999 | _g1 | ||